[Event "Challenge"]
[Site "http://www.queenalice.com/game.php?id=686347"]
[Date "2009.11.20"]
[Round "-"]
[White "WILSONCSQ"]
[Black "DaniLoL"]
[Result "0-1"]
[WhiteElo "1640"]
[BlackElo "1752"]

1. e4 c5 2. Nf3 Nc6 3. d3 d6 4. Nc3 Nf6 5. Be2 Bg4 6. h3 Bh5 7. O-O Bxf3 8. Bxf3
g6 9. Be3 Bg7 10. Qd2 Nd4 11. Ne2 Qb6 12. c3 Nxf3+ 13. gxf3 Qc7 14. Bh6 Bxh6 15.
Qxh6 O-O-O 16. c4 g5 17. Qxg5 Rhg8 18. Qxg8 Rxg8+ 19. Kh1 Qd7 20. Nf4 e5 21. Rg1
Rxg1+ 22. Kxg1 exf4 23. Re1 Qxh3 24. b4 Ng4 25. fxg4 f3 26. Rf1 Qg2# 0-1

[Event "AUTO-ADV-1572"]
[Site "http://www.queenalice.com/game.php?id=697510"]
[Date "2009.12.13"]
[Round "1"]
[White "Noyender"]
[Black "DaniLoL"]
[Result "1-0"]
[WhiteElo "1780"]
[BlackElo "1697"]

1. e4 c5 2. Nf3 Nc6 3. Bc4 Nf6 4. Nc3 d6 5. O-O g6 6. Ng5 e6 7. Re1 Bg7 8. Qf3
O-O 9. Nb5 a6 10. Nc3 Ne5 11. Qe2 b5 12. Bb3 c4 13. d4 Ned7 14. Bxc4 bxc4 15.
Qxc4 Rb8 16. f3 h6 17. Nh3 Bb7 18. Bf4 e5 19. dxe5 Nxe5 20. Bxe5 1-0

[Event "AUTO-ADV-1572"]
[Site "http://www.queenalice.com/game.php?id=697511"]
[Date "2009.12.13"]
[Round "1"]
[White "DaniLoL"]
[Black "Noyender"]
[Result "0-1"]
[WhiteElo "1684"]
[BlackElo "1793"]

1. e4 e5 2. Nf3 Nc6 3. Bc4 Bc5 4. O-O Nf6 5. d3 h6 6. c3 O-O 7. b4 Bb6 8. b5 Na5
9. Nxe5 d6 10. Nxf7 Rxf7 11. Bxf7+ Kxf7 12. Be3 Qe7 13. Bxb6 cxb6 14. Nd2 Ke8
15. f4 Bd7 16. e5 dxe5 17. fxe5 Nd5 18. c4 Ne3 19. Qh5+ Kd8 0-1

[Event "AUTO-ADV-1572"]
[Site "http://www.queenalice.com/game.php?id=697524"]
[Date "2009.12.13"]
[Round "1"]
[White "DaniLoL"]
[Black "robertson"]
[Result "0-1"]
[WhiteElo "1740"]
[BlackElo "1591"]

1. e4 e6 2. Nf3 Qf6 3. Bc4 a6 4. O-O h5 5. d4 d6 6. Be3 Nc6 7. Nc3 g6 8. Re1 h4
9. Bg5 Qg7 10. d5 Ne5 11. Nxe5 Qxe5 12. f4 Qg7 13. e5 Be7 14. dxe6 fxe6 15. exd6
Bxd6 16. Bxe6 Bxe6 17. Rxe6+ Ne7 18. Bf6 Qh7 0-1

[Event "AUTO-ADV-1572"]
[Site "http://www.queenalice.com/game.php?id=697525"]
[Date "2009.12.13"]
[Round "1"]
[White "robertson"]
[Black "DaniLoL"]
[Result "1-0"]
[WhiteElo "1567"]
[BlackElo "1764"]

1. e3 d6 2. Qf3 c5 3. Bc4 Nf6 4. Nc3 e6 5. Bb5+ Nbd7 6. Nge2 d5 7. d4 a6 8.
Bxd7+ Bxd7 9. h4 b5 10. b3 b4 11. Nd1 Rc8 12. Bb2 cxd4 13. Bxd4 Rxc2 14. Be5 Ne4
15. Nd4 Rc5 16. g3 f6 17. Bxf6 Qxf6 18. Qxf6 gxf6 19. Nb2 1-0

[Event "AUTO-ADV-1572"]
[Site "http://www.queenalice.com/game.php?id=697526"]
[Date "2009.12.13"]
[Round "1"]
[White "DaniLoL"]
[Black "Juan_Mal"]
[Result "0-1"]
[WhiteElo "1707"]
[BlackElo "1866"]

1. e4 e5 2. Nf3 Nc6 3. Bc4 Bc5 4. O-O Nf6 5. Nc3 O-O 6. d3 h6 7. Nd5 d6 8. c3
Nxd5 9. exd5 Ne7 10. d4 exd4 11. Nxd4 Nf5 12. Nb3 Bb6 13. Bd3 Qh4 14. Qf3 Ne7
15. a4 a6 16. a5 Ba7 17. Be3 Bxe3 18. fxe3 Bd7 19. c4 Ng6 20. Nd4 Ne5 21. Qe2
Bg4 22. Qc2 Rae8 23. Rf4 Qg5 0-1

[Event "AUTO-ADV-1572"]
[Site "http://www.queenalice.com/game.php?id=697527"]
[Date "2009.12.13"]
[Round "1"]
[White "Juan_Mal"]
[Black "DaniLoL"]
[Result "1-0"]
[WhiteElo "1855"]
[BlackElo "1718"]

1. e4 c5 2. Nc3 Nc6 3. g3 d6 4. Bg2 Nf6 5. Nge2 Be6 6. O-O g6 7. h3 Qd7 8. Kh2
Bg7 9. d3 O-O 10. Nf4 Rab8 11. Nxe6 fxe6 12. Be3 b5 13. Ne2 e5 14. c3 e6 15. f4
a5 16. Qd2 exf4 17. Nxf4 g5 18. Ne2 g4 19. h4 Ne5 20. Bf4 Ng6 21. Be3 Rf7 22. d4
c4 23. Bh6 1-0

[Event "Challenge"]
[Site "http://www.queenalice.com/game.php?id=859859"]
[Date "2010.11.17"]
[Round "-"]
[White "DaniLoL"]
[Black "paulmaster"]
[Result "1-0"]
[WhiteElo "1683"]
[BlackElo "2033"]

1. e4 c5 2. Nf3 Nc6 3. Bc4 e6 4. d4 cxd4 5. Nxd4 Qb6 6. Nb5 Ne5 7. Be3 Qa5+ 8.
Bd2 Qd8 9. Bf4 a6 10. Bxe5 axb5 11. Be2 Nf6 12. Nc3 Bb4 13. Qd3 O-O 14. O-O d6
15. Rfd1 Bd7 16. Bxd6 Bxd6 17. Qxd6 Ra6 18. Qg3 Qc8 19. e5 Nd5 20. Nxd5 exd5 21.
Qb3 Rg6 22. Bxb5 Bh3 23. Bf1 Be6 24. Rd4 Qc7 25. Re1 Rc8 26. Bd3 Rg5 27. f4 Rh5
28. c3 Qe7 29. g3 f6 30. f5 Bf7 31. e6 Be8 32. Qxd5 Bc6 33. Qc4 Kh8 34. Be4 Qe8
35. Bxc6 bxc6 36. e7 Rxf5 37. Qe6 Re5 38. Rxe5 fxe5 39. Qxc8 1-0

[Event "Challenge"]
[Site "http://www.queenalice.com/game.php?id=859860"]
[Date "2010.11.17"]
[Round "-"]
[White "paulmaster"]
[Black "DaniLoL"]
[Result "1-0"]
[WhiteElo "2033"]
[BlackElo "1726"]

1. f4 d5 2. e3 g6 3. Nf3 Nf6 4. c4 Bg4 5. Qa4+ c6 6. Ne5 Be6 7. Be2 Bg7 8. d4
dxc4 9. Bd2 b5 10. Qd1 Ne4 11. a4 f6 12. Nf3 O-O 13. axb5 cxb5 14. Ba5 Qd6 15.
Nc3 Nxc3 16. bxc3 Nc6 17. O-O Bd5 18. Qe1 Nxa5 19. Rxa5 a6 20. Nd2 f5 21. Bf3 e6
22. Qh4 Bf6 23. Qg3 Bd8 24. Raa1 a5 25. Bxd5 exd5 26. Nf3 Re8 27. Ne5 Bf6 28. h4
b4 29. h5 Bxe5 30. fxe5 Qe6 31. hxg6 hxg6 32. Rf4 b3 33. Rh4 Kg7 34. Kf2 Rh8 35.
Rah1 b2 36. Qh2 Rh5 37. Rxh5 gxh5 38. Qxh5 Qg6 39. Qh4 Rb8 40. Qe7+ Kg8 41. Qc5
b1=Q 42. Qxd5+ Qf7 43. Rxb1 Qxd5 44. Rxb8+ Kf7 45. Rb6 a4 46. Rf6+ Ke7 47. Rh6
Qa5 48. Rh7+ Ke8 49. Rh8+ Kf7 50. Rh6 a3 51. Rf6+ Kg7 52. Rxf5 a2 53. g4 a1=Q
54. e6 Q5xc3 55. d5 Qae1+ 56. Kg2 Qcd2+ 57. Kh3 1-0

[Event "AUTO-INT-1875"]
[Site "http://www.queenalice.com/game.php?id=860160"]
[Date "2010.11.17"]
[Round "1"]
[White "chess2009"]
[Black "DaniLoL"]
[Result "1-0"]
[WhiteElo "1449"]
[BlackElo "1738"]

1. e4 c5 2. Bc4 Nc6 3. Qf3 Nf6 4. c3 e5 5. h3 d6 6. g4 a6 7. g5 Na5 8. b3 Nxc4
9. bxc4 Nd7 10. Ba3 Qxg5 11. h4 Qh6 12. d3 Be7 13. Nd2 b5 14. O-O-O bxc4 15.
dxc4 Bb7 16. Bb2 f5 17. Rh2 Bxe4 18. Qe2 Rb8 19. f3 Bc6 20. Kc2 O-O 21. h5 f4
22. Nb3 Rf5 23. Na5 Ba4+ 24. Kb1 Bxd1 25. Qxd1 Kf8 26. Nc6 Rb6 27. Nxe7 Kxe7 28.
Ne2 Rxh5 29. Rxh5 Qxh5 30. Qf1 Qf5+ 31. Ka1 Qc2 32. Qb1 Qxe2 33. a4 e4 34. fxe4
f3 35. Ka2 Qxb2+ 36. Qxb2 Rxb2+ 37. Kxb2 f2 38. Kc1 f1=Q+ 39. Kd2 Qf3 40. e5
dxe5 41. Kc2 e4 42. Kd2 Qd3+ 43. Ke1 Qc2 44. Kf1 Qd2 45. Kg1 1-0

[Event "AUTO-INT-1875"]
[Site "http://www.queenalice.com/game.php?id=860161"]
[Date "2010.11.17"]
[Round "1"]
[White "DaniLoL"]
[Black "chess2009"]
[Result "1-0"]
[WhiteElo "1746"]
[BlackElo "1422"]

1. e4 e5 2. Nf3 Qe7 3. Bc4 f6 4. O-O Nc6 5. c3 Na5 6. Be2 Nh6 7. d4 d6 8. Bxh6
gxh6 9. b4 Nc6 10. Bb5 a6 11. Qa4 Qd8 12. Bxc6+ bxc6 13. Qxc6+ Bd7 14. Qd5 c6
15. Qb3 exd4 16. cxd4 Bg7 17. Nc3 a5 18. b5 Rb8 19. Qa3 cxb5 20. Qxd6 Bf8 21.
Qd5 b4 22. Qh5+ Ke7 23. Nd5+ Kd6 24. Nxf6 Qxf6 25. e5+ Qxe5 26. Qxe5+ Kc6 27.
Qxb8 Bg7 28. Rac1+ Kd5 29. Qc7 Ke6 30. Rfe1+ Kf6 31. Qxd7 Rf8 32. Qe6# 1-0

[Event "AUTO-INT-1875"]
[Site "http://www.queenalice.com/game.php?id=860172"]
[Date "2010.11.17"]
[Round "1"]
[White "tenentemurdock"]
[Black "DaniLoL"]
[Result "0-1"]
[WhiteElo "1634"]
[BlackElo "1722"]

1. e4 c5 2. c3 d6 3. d4 Nf6 4. f3 cxd4 5. cxd4 e6 6. Nc3 Nc6 7. Bb5 a6 8. Bxc6+
bxc6 9. Bg5 Be7 10. Bxf6 Bxf6 11. d5 cxd5 12. exd5 Bxc3+ 13. bxc3 e5 14. Ne2 Qa5
15. O-O Bf5 16. g4 Bd7 17. Qd2 O-O 0-1

[Event "AUTO-INT-1875"]
[Site "http://www.queenalice.com/game.php?id=860173"]
[Date "2010.11.17"]
[Round "1"]
[White "DaniLoL"]
[Black "tenentemurdock"]
[Result "1-0"]
[WhiteElo "1734"]
[BlackElo "1622"]

1. e4 c5 2. Nf3 d6 3. Bc4 Bg4 4. Nc3 e6 5. h3 Bxf3 6. Qxf3 Nf6 7. a3 Be7 8. d3
O-O 9. O-O Nc6 10. Bg5 Nd4 11. Qd1 h6 12. Bf4 e5 13. Be3 a6 14. Nd5 b5 15. Ba2
Nxd5 16. Bxd5 Rb8 17. c3 Ne6 18. Qg4 Ng5 19. h4 Nxe4 20. Bxe4 1-0

[Event "AUTO-INT-1875"]
[Site "http://www.queenalice.com/game.php?id=860180"]
[Date "2010.11.17"]
[Round "1"]
[White "DaniLoL"]
[Black "daniel0176"]
[Result "1-0"]
[WhiteElo "1668"]
[BlackElo "1644"]

1. e4 e5 2. Nf3 d6 3. h3 Nf6 4. Nc3 Be7 5. Bc4 h6 6. a3 O-O 7. d3 a6 8. O-O b5
9. Ba2 Nc6 10. Nd5 Be6 11. Be3 Na5 12. Qd2 c6 13. Nxe7+ Qxe7 14. Qxa5 d5 15.
Nxe5 Qd6 16. Bf4 Rfe8 17. Bh2 dxe4 18. Nxf7 Qd7 19. Ne5 Qe7 20. Bxe6+ Qxe6 21.
d4 Rad8 22. Rfd1 Rd5 23. Qxa6 Red8 24. Nxc6 e3 25. fxe3 Qxe3+ 26. Kh1 Re8 27.
Be5 Ne4 28. Re1 Ng3+ 29. Bxg3 Qxg3 30. Rxe8+ Kh7 31. Qc8 Rg5 32. Rh8+ Kg6 33.
Qe8+ Kf5 34. Rf8# 1-0

[Event "AUTO-INT-1875"]
[Site "http://www.queenalice.com/game.php?id=860181"]
[Date "2010.11.17"]
[Round "1"]
[White "daniel0176"]
[Black "DaniLoL"]
[Result "0-1"]
[WhiteElo "1645"]
[BlackElo "1713"]

1. e4 c5 2. Nc3 Nc6 3. Nf3 d6 4. h3 Nf6 5. Bb5 a6 6. Bxc6+ bxc6 7. O-O e5 8. b3
Rb8 9. d3 Be7 10. Re1 O-O 11. Bb2 Be6 12. a3 Qc7 13. Ng5 Bd7 14. Nf3 h6 15. b4
a5 16. d4 cxd4 17. Ne2 axb4 18. a4 Ra8 19. Bc1 c5 20. Bb2 Bxa4 21. Qc1 Nxe4 22.
c3 dxc3 23. Bxc3 bxc3 24. Ra2 c2 25. Qa1 Qc6 26. Ra3 c4 27. Ned4 exd4 28. Nxd4
Qd5 29. Ne2 Bb5 30. Nf4 Qb7 31. Rc1 Bf6 32. Qa2 Nc3 33. Qxc2 Rxa3 34. Qd2 Ne4
35. Qe2 Bg5 36. Qg4 Qa7 37. h4 Qxf2+ 38. Kh1 Bxf4 39. Rg1 Qxg1+ 40. Kxg1 Ra1+
41. Qd1 Rxd1# 0-1